| 000 | 01069nam a2200217 a 4500 | ||
|---|---|---|---|
| 001 | 53944 | ||
| 005 | 20180714044455.0 | ||
| 008 | 140415s2003 000 0 spa d | ||
| 020 | _a0130330647 | ||
| 041 | _aspa | ||
| 082 |
_a658.4 _bHOD |
||
| 100 | 1 | _aHODGE, B. J. | |
| 245 | 1 | 0 |
_aORGANIZATION THEORY : _bA STRATEGIC |
| 250 | _a6a ed. | ||
| 260 |
_a[s.l.] : _bPEARSON EDUCATION, _c2003 |
||
| 300 |
_a185 _c21 x 2 x 26 |
||
| 490 | _aFINANZAS | ||
| 520 | _aTHE SIXTH EDITION OF ORGANIZATION THEORY: A STRATEGIC APPROACH CONTINUES TO PRESENT A BALANCE OF THEORY, RESEARCH, AND PRACTICE. THEORY AND RESEARCH ARE NECESSARY TO PROVIDE COHERENCE, CERTAINTY, AND PREDICTABILITY IN AN OTHERWISE INCOHERENT, UNCERTAIN, AND UNPREDITABLE WORLD. HOWEVER, IN PRESENTIG THEORY AND RESEARCH, WE MAINTAIN A BELIEF THAT THEORY AND RESEARCH, EW MAINTAIN A BELIEF THAT THEORY AND RESEARCH SHOULD PROVIDE PRACTICAL VALUE TO THE INHABITANTS OF ORGANIZATIONS. | ||
| 650 | 1 | 4 |
_aADMINISTRACION _xORGANIZACION |
| 700 | 1 |
_aANTHONY, WILLIAM P. -GALES, LAWRENCE M. _ecoaut. |
|
| 999 |
_c53944 _d53944 |
||